Pairs of Things #1 (LH) - Statistics

General Stats
  • This quiz has been taken 240 times
  • The average score is 11 of 20
Answer Stats
Hint Answer % Correct
Non-contiguous US states Alaska
89%
Romance languages that are official languages of the United Nations French
89%
Hawaii
89%
Spanish
87%
Strike
84%
Major smartphone producers Apple
83%
Samsung
81%
Words that are pronounced, "yer-oe" Euro
71%
Michigan metro areas with a population of >1 million Detroit
68%
Different ways to knock down 10 pins in bowling Spare
68%
Gyro
41%
Boardwalk
38%
The Tenacious D duo Jack Black
37%
Dark blue properties in Monopoly Park Place
34%
Grand Rapids
30%
Shoes
30%
Items that you need to get service in a store Shirt
29%
Sister ships of the Titanic Olympic
15%
Britannic
14%
Kyle Gass
10%
No matching quizzes found
Score Distribution
Percent of People with Each Score
Percentile by Number Answered
Your Score History
You have not taken this quiz